اشفاق اللہ خان شہید حیات و افکار : (Record no. 106334)
[ view plain ]
| 000 -LEADER | |
|---|---|
| fixed length control field | 01028nam a22002537a 4500 |
| 005 - DATE AND TIME OF LATEST TRANSACTION | |
| control field | 20170123162306.0 |
| 010 ## - LIBRARY OF CONGRESS CONTROL NUMBER | |
| LC control number | B-133773 |
| 020 ## - INTERNATIONAL STANDARD BOOK NUMBER | |
| Terms of availability | 230.00 |
| 035 ## - SYSTEM CONTROL NUMBER | |
| System control number | B-133773 |
| 037 ## - SOURCE OF ACQUISITION | |
| Source of stock number/acquisition | Cen Lib/Ret |
| 040 ## - CATALOGING SOURCE | |
| Original cataloging agency | DPL |
| Language of cataloging | UR |
| 082 ## - DEWEY DECIMAL CLASSIFICATION NUMBER | |
| Classification number | 954.0841 |
| Item number | ا ش ف |
| 245 ## - TITLE STATEMENT | |
| Title | اشفاق اللہ خان شہید حیات و افکار : |
| Statement of responsibility, etc | ترتیب ابو سلمان شاہجہانپوری |
| Remainder of title | کاکوری کیس کا ہیرو |
| 246 ## - VARYING FORM OF TITLE | |
| Title proper/short title | Ashfaq ullah Khan hayat-o-afkari : kakori case ka hero / |
| Remainder of title | compiled by Abu Salman Shahjahanpuri |
| 260 ## - PUBLICATION, DISTRIBUTION, ETC. (IMPRINT) | |
| Place of publication, distribution, etc | پٹنہ |
| Name of publisher, distributor, etc | خدا بخش ورئیےنٹل پبلک لائبریری |
| Date of publication, distribution, etc | 2004 |
| 270 ## - ADDRESS | |
| City | پٹنہ |
| 300 ## - PHYSICAL DESCRIPTION | |
| Extent | 350p. |
| Dimensions | 21cm(Hb) |
| 650 ## - SUBJECT ADDED ENTRY--TOPICAL TERM | |
| Topical term or geographic name as entry element | تاریخ - بھارت |
| 9 (RLIN) | 400 |
| 650 ## - SUBJECT ADDED ENTRY--TOPICAL TERM | |
| Topical term or geographic name as entry element | اشفاق اللہ خان -- کیس کاکوری |
| 9 (RLIN) | 110888 |
| 650 ## - SUBJECT ADDED ENTRY--TOPICAL TERM | |
| Topical term or geographic name as entry element | History -- India |
| 9 (RLIN) | 110889 |
| 650 ## - SUBJECT ADDED ENTRY--TOPICAL TERM | |
| Topical term or geographic name as entry element | Kakori Case -- Ashfaq Ullah Khan |
| 9 (RLIN) | 110890 |
| 700 ## - ADDED ENTRY--PERSONAL NAME | |
| Personal name | ابو سلمان شاہجہانپوری |
| 9 (RLIN) | 110891 |
| 942 ## - ADDED ENTRY ELEMENTS (KOHA) | |
| Source of classification or shelving scheme | Dewey Decimal Classification |
| Koha item type | Urdu Bks |
| Classification part | 954.0841 |
| Call number suffix | ا ش ف |
| Withdrawn status | Lost status | Damaged status | Not for loan | Home library | Current library | Date acquired | Source of acquisition | Cost, normal purchase price | Total Checkouts | Full call number | Barcode | Date last seen | Date checked out | Copy number | Cost, replacement price | Price effective from | Koha item type |
|---|---|---|---|---|---|---|---|---|---|---|---|---|---|---|---|---|---|
| Central Library | Central Library | 18/12/2015 | Cen Lib/Ret | 230.00 | 1 | 954.0841 ا ش ف | B-133773 | 19/06/2019 | 25/05/2019 | 1 | 230.00 | 18/12/2015 | Urdu Bks |
